Statistics for Taylor Swift 85

Click here to take the quiz!

General Stats

  • This quiz has been taken 9 times
  • The average score is 219 of 310

Answer Stats

Answer% Correct
a
100%
an
100%
I
100%
it
100%
love
100%
my
100%
see
100%
so
100%
where
100%
all
89%
and
89%
he
89%
if
89%
I'm
89%
in
89%
it's
89%
like
89%
me
89%
no
89%
on
89%
the
89%
up
89%
was
89%
we
89%
were
89%
you
89%
at
78%
be
78%
her
78%
is
78%
not
78%
to
78%
with
78%
your
78%
but
67%
by
67%
'cause
67%
did
67%
didn't
67%
down
67%
else
67%
has
67%
oh
67%
out
67%
Paris
67%
some
67%
somewhere
67%
that
67%
though
67%
2003
56%
ages
56%
ago
56%
alleyway
56%
alleyways
56%
bedroom
56%
believe
56%
breathing
56%
ceiling
56%
champagne
56%
cheap
56%
club
56%
drew
56%
ex-friend's
56%
guy
56%
hooked
56%
just
56%
kissed
56%
light
56%
make
56%
map
56%
met
56%
might
56%
mind
56%
news
56%
outfits
56%
photos
56%
pretend
56%
sister
56%
someone
56%
stop
56%
stumbled
56%
taken
56%
terrible
56%
thanks
56%
turns
56%
unbearable
56%
view
56%
wanna
56%
wannabe
56%
wine
56%
yours
56%
z-lister
56%
door
44%
let
44%
loving
44%
made
44%
privacy
44%
side
44%
sign
44%
sit
44%
yes
44%
above
33%
brainwash
33%
clever
33%
confess
33%
culture's
33%
cursive
33%
dead
33%
drinking
33%
flashing
33%
forever
33%
grown
33%
into
33%
keep
33%
kind
33%
letters
33%
mean
33%
messes
33%
midnight
33%
only
33%
quiet
33%
romance
33%
shade
33%
sloping
33%
that's
33%
thrown
33%
tower
33%
transport
33%
tree
33%
truth
33%
under
33%
whole
33%
world
33%
levitate
22%
page
22%
swooping
22%

Score Distribution

Percentile by Number Answered

Percent of People with Each Score

Your Score History

You have not taken this quiz